MARC

LEADER 00000nam2a2200000 4500
001 674794
005 20240923104929.0
090 |a 674794 
100 |a 20240923d2024 k||y0rusy50 ca 
101 0 |a rus 
102 |a RU 
105 |a a z 001yy 
135 |a drcn ---uucaa 
181 0 |a i   |b  e  
182 0 |a b 
183 0 |a cr  |2 RDAcarrier 
200 0 |a Т. 136, № 1-2 
203 |a Текст  |c электронный  |b визуальный 
210 |d 2024 
283 |a online_resource  |2 RDAcarrier 
320 |a Библиография в конце статей 
336 |a Текстовый файл 
371 0 |a AM_Agreement 
461 1 |0 379650  |t Атомная энергия  |o теоретический и научно-технический журнал  |v Т. 136, № 1-2  |d 1956-  |9 379650  |a Росатом  |c Mосква  |l Atomic Energy  |n Атомная энергия  |x 0004-7163 
801 0 |a RU  |b 63413507  |c 20240923  |g RCR 
856 4 0 |u https://elibrary.ru/contents.asp?id=67973578  |z https://elibrary.ru/contents.asp?id=67973578 
942 |c CR